Nabuco, etc. /

Nabuco, etc. reúne trece cuentos independientes, todos frutos de inspiraciones repentinas que asaltaron a la autora en estos últimos años. Paciencia. La única afirmación seria que les cabe es que serios no son. Basta enterarse de qué tratan: una torta peligrosa, un perro condenadamente chico, un Esc...

Descripción completa

Guardado en:
Autor Principal: Wolf, Ema.
Otros Autores: Pez; il.
Formato: Libro
Publicado: Argentina : Norma, 1998.
Series:Torre de Papel. Azul +9 años
Materias:
Etiquetas: Agregar Etiqueta
Sin Etiquetas, Sea el primero en etiquetar este registro!
LEADER 01157nam a22002415a 4500
001 CEM.cems019946
008 230328s1998####ag############000#0#####d
005 20230331092122.0
245 1 0 |a Nabuco, etc. /  |c Ema Wolf; ilustrado por Pez. 
260 |a Argentina :  |b Norma,  |c 1998. 
300 |a 72 p. 
490 0 |a Torre de Papel. Azul +9 años 
520 |a Nabuco, etc. reúne trece cuentos independientes, todos frutos de inspiraciones repentinas que asaltaron a la autora en estos últimos años. Paciencia. La única afirmación seria que les cabe es que serios no son. Basta enterarse de qué tratan: una torta peligrosa, un perro condenadamente chico, un Escamoso, un bebé maloliente, un mago pobre, un tipo que cuenta tigres, otro que orbita por allá arriba, garbanzos...En fin, no fue fácil juntar todo eso y obtener un libro normal. 
020 |a 9789580447054 
100 1 |a Wolf, Ema. 
700 1 |a Pez; il. 
082 0 4 |a A868.4 
653 |a Literatura 
653 |a Literatura Argentina 
653 |a Cuentos 
653 |a Cuentos infantiles 
653 |a Literatura Infantil 
859 |a CEMS  |b BIB. CEMS - Inicial y Primaria  |h A868.4  |i W831  |k IP  |p 1409  |t Ej.1